000 00376nam a22001457a 4500
999 _c12420
_d12420
008 210201b ||||| |||| 00| 0 eng d
082 0 0 _a621.381958
_bK993
100 _94476
_aKyle, Jim
245 1 0 _aServicing digital devices
_cby Jim Kyle
260 _aSlough
_bFoulsham
_c1968
300 _a144p.
365 _d23.40
650 0 _aElectronic Digital Computers
942 _cBK